Tóth Ágoston gratuláló levele Szent-Györgyi Alberthez

Elmentve itt :
Bibliográfiai részletek
Szerző: Tóth Ágoston
Dokumentumtípus: Kézirat
Megjelent: 1937-11-14
Kulcsszavak:Levelezés - Tóth Ágoston - Szent-Györgyi Albert, Nobel-díj - 1937
Online Access:http://misc.bibl.u-szeged.hu/47859
LEADER 00649ntm a2200169 i 4500
001 misc47859
005 20241213092438.0
008 210119s1937 hu o 000 hun d
040 |a SZTE Miscellanea Repozitórium  |b hun 
041 |a hun 
100 1 |a Tóth Ágoston 
245 1 0 |a Tóth Ágoston gratuláló levele Szent-Györgyi Alberthez  |h [elektronikus dokumentum] /  |c  Tóth Ágoston 
260 |c 1937-11-14 
300 |a 4 fol. 
561 |a Szent-Györgyi Albert gratuláló levelek 
695 |a Levelezés - Tóth Ágoston - Szent-Györgyi Albert, Nobel-díj - 1937 
856 4 0 |u http://misc.bibl.u-szeged.hu/47859/1/1937november_068-071.pdf  |z Dokumentum-elérés